000 00468nam a2200157 4500
001 145036
003 ES-MaACL
005 20230906201142.0
007 t|
008 070214s1912 fr r ||||1| fre d
100 1 _aSollier, Paul.
_9107228
245 1 0 _aMorale et moralité
_b: essai sur l'intuition morale /
_cpar Paul Sollier.
260 _aParis :
_b[s. n.],
_c1912 (
_eEvreux :
_fCh, Hérissey)
300 _a203 p. ;
_c19 x 12 cm.
852 _aES-MaACL
_jF-11668
999 _c145036
_d145036